[Event "Lidums Australian Open"]
[Site "Mount Buller AUS"]
[Date "2005.01.03"]
[Round "6"]
[White "Arlandi,E"]
[Black "Bjelobrk,I"]
[Result "1-0"]
[WhiteElo "2440"]
[BlackElo "2377"]

1.d4 Nf6 2.c4 g6 3.Nc3 Bg7 4.e4 d6 5.Nf3 O-O 6.Be2 Na6 7.O-O e5 8.Re1 Bg4
9.Be3 Bxf3 10.Bxf3 exd4 11.Bxd4 Nb4 12.Be3 Nd7 13.Qd2 Nc5 14.Be2 Re8 15.Bf1 Nc6
16.f3 Ne6 17.Rab1 Bd4 18.Bxd4 Ncxd4 19.b4 c6 20.Qf2 Qf6 21.Re3 h5 22.Rbe1 a5
23.a3 axb4 24.axb4 Qe5 25.h4 Ra3 26.Nd5 Rxe3 27.Rxe3 cxd5 28.exd5 Qf6 29.dxe6 Rxe6
30.Rxe6 Nxe6 31.Qd2 Nd4 32.Bd3 Qxh4 33.Be4 Nc6 34.Qxd6 Qe1+ 35.Kh2 Nxb4 36.Qd8+ Kg7
37.Qd4+ Kg8 38.Bxb7 Nc2 39.Qf4 Ne3 40.Bd5 Nf1+ 41.Kh3 Qe7 42.Qe4 Qf6 43.Qd3 Qf5+
44.Qxf5 gxf5 45.c5 Ne3 46.Bb3 Kf8 47.g3 f4 48.gxf4 Ke7 49.Kh4 Ng2+ 50.Kg3 Ne3
51.Ba2 f6 52.Bb1 Kd7 53.Be4 Ke7 54.f5 Nd1 55.Kh4 Nc3 56.Bc6 Ne2 57.Kxh5 Nd4
58.Be4 Nb5 59.Kg4 Nd4 60.Bd5 Ne2 61.Be6 Nc3 62.Kf4 Na4 63.c6 Kd6 64.Bd7 Nc5
65.Be8 Na6 66.Ke4 Nc7 67.Bd7 Na8 68.Kd4 Nc7 69.Kc4 Na8 70.Kb5 Nc7+ 71.Kb6 Na8+
72.Kb7 Nc7 73.Kc8 Nd5 74.Kd8 Nc7 75.Be8 Nd5 76.Kc8 Ne7+ 77.Kb7 Nd5 78.Bf7 Nc7
79.Bc4 Ne8 80.Bd3 Nc7 81.Be4 Ne8 82.Kc8 Ke7 83.Bd3 Kd6 84.Kd8 Nc7 85.Be4  1-0

[Event "ch-FENACH"]
[Site "Santiago CHI"]
[Date "2005.01.04"]
[Round "1"]
[White "Vera Soto,S"]
[Black "Lenoir,G"]
[Result "0-1"]
[WhiteElo "2171"]
[BlackElo "2202"]

1.Nf3 Nf6 2.c4 g6 3.Nc3 Bg7 4.e4 d6 5.Be2 O-O 6.O-O e5 7.d4 Nbd7 8.Re1 Re8
9.d5 Nc5 10.Bf1 a5 11.b3 h6 12.Nd2 Nh5 13.g3 f5 14.a3 Nf6 15.Ra2 Rf8 16.Rb2 f4
17.b4 axb4 18.axb4 fxg3 19.hxg3 Ncd7 20.Nb3 Ne8 21.c5 Ndf6 22.Na5 dxc5 23.Ra2 cxb4
24.Nc6 bxc6 25.Rxa8 bxc3 26.Ba3 Nd6 27.dxc6 Qe7 28.Qb3+ Be6 29.Rxf8+ Bxf8
30.Qxc3 Nfxe4 31.Qxe5 Qf7 32.Qd4 Ng5 33.Bg2 Nb5 34.Qe3 Nxa3 35.f4 Nc2  0-1

[Event "Keres Mem Rapid w"]
[Site "Tallinn EST"]
[Date "2005.01.08"]
[Round "1"]
[White "Tsiganova,M"]
[Black "Kovalevskaya,E"]
[Result "0-1"]
[WhiteElo "2211"]
[BlackElo "2471"]

1.d4 Nf6 2.c4 d6 3.Nf3 g6 4.Nc3 Bg7 5.e4 O-O 6.Be2 Nbd7 7.O-O e5 8.Re1 c6
9.Rb1 Re8 10.Bf1 a5 11.h3 exd4 12.Nxd4 Nc5 13.f3 Nh5 14.Be3 Ng3 15.Qd2 Qe7
16.Rbd1 Nxf1 17.Rxf1 f5 18.Bg5 Bxd4+  0-1

[Event "112th ch-NZL"]
[Site "Wanganui NZL"]
[Date "2005.01.08"]
[Round "9"]
[White "Lukey,S"]
[Black "Civin,T"]
[Result "0-1"]
[WhiteElo "2276"]
[BlackElo "2414"]

1.d4 Nf6 2.Nf3 g6 3.c4 Bg7 4.Nc3 d6 5.e4 O-O 6.Be2 e5 7.O-O Na6 8.Be3 Ng4
9.Bg5 Qe8 10.h3 h6 11.Bc1 Nf6 12.dxe5 dxe5 13.Be3 c6 14.c5 Nh5 15.Nd2 Nf4
16.Nc4 Qe7 17.Nd6 Qg5 18.Bg4 f5 19.Bxf4 Qxf4 20.exf5 gxf5 21.Be2 Nxc5 22.Bc4+ Be6
23.Bxe6+ Nxe6 24.Qb3 Rf6 25.Rad1 Kh7 26.Ne2 Qg5 27.Rd3 Nc5 28.Nf7 Rxf7 29.Qxf7 Nxd3
30.h4 Qg6 31.Qxb7 Rg8  0-1

[Event "Keres Mem Rapid"]
[Site "Tallinn EST"]
[Date "2005.01.09"]
[Round "6"]
[White "Malaniuk,V"]
[Black "Brodsky,M"]
[Result "1-0"]
[WhiteElo "2513"]
[BlackElo "2533"]

1.d4 Nf6 2.Nf3 g6 3.c4 Bg7 4.Nc3 O-O 5.e4 d6 6.Be2 Nbd7 7.O-O e5 8.Be3 Qe7
9.dxe5 dxe5 10.Nd5 Qd8 11.Qc2 c6 12.Nxf6+ Bxf6 13.c5 Re8 14.Rad1 Qc7 15.Nd2 Be7
16.b4 a5 17.a3 axb4 18.axb4 b5 19.cxb6 Nxb6 20.b5 c5 21.Nc4 Be6 22.Rb1 Reb8
23.Rfc1 Nd7 24.h3 h5 25.Rb2 Rb7 26.Rcb1 Qb8 27.Bd2 Bd8 28.Bc3 Bc7 29.Bf1 Bxc4
30.Bxc4 Nb6 31.Bd5 Nxd5 32.exd5 Ra3 33.Bd2 Bd6 34.Qc4 Rb6 35.Be3 Ra7  1-0

[Event "XXX Open"]
[Site "Seville ESP"]
[Date "2005.01.12"]
[Round "6"]
[White "Pogorelov,R"]
[Black "Razmyslov,A"]
[Result "0-1"]
[WhiteElo "2439"]
[BlackElo "2311"]

1.Nf3 Nf6 2.c4 g6 3.Nc3 Bg7 4.e4 d6 5.d4 O-O 6.Be2 e5 7.O-O Na6 8.Be3 Ng4
9.Bg5 Qe8 10.dxe5 dxe5 11.h3 Nf6 12.Be3 Nh5 13.c5 c6 14.Bxa6 bxa6 15.Re1 Rb8
16.b3 f6 17.Nd2 f5 18.Nf3 f4 19.Bc1 g5 20.Bb2 g4 21.hxg4 Bxg4 22.Qd3 Qg6
23.Kf1 Rbd8 24.Qc4+ Be6 25.Qxa6 Rd2 26.Re2 Bc8 27.Qc4+ Be6 28.Qxe6+ Qxe6
29.Rxd2 Qe7 30.Rd6 Nf6 31.Re1 Rc8 32.Na4 Ne8 33.Rd3 Rd8 34.Rxd8 Qxd8 35.Nxe5 Bxe5
36.Bxe5 Qd3+ 37.Kg1 Qd2 38.Ra1 h5 39.f3 Nc7 40.Nb2 Qe3+ 41.Kh2 Ne6 42.Rd1 Qf2
43.Rd6 h4 44.Nd3 Qg3+ 45.Kh1 h3 46.gxh3 Qxf3+ 47.Kg1 Qg3+ 48.Kf1 Qxh3+ 49.Ke2 Qe3+
50.Kd1 f3 51.b4 a6 52.a4 Qxe4 53.Bc3 f2 54.Nxf2 Qf3+ 55.Kc2 Qxf2+ 56.Kb3 Qf3
57.Kb2 Qe2+ 58.Kb3 Qe4 59.Kb2 a5 60.bxa5 Nxc5 61.Rd4 Qe2+ 62.Kb1 Nd3 63.Rd8+ Kf7
64.Rd7+ Ke6 65.Rb7 Qd1+ 66.Ka2 Qc2+ 67.Bb2 c5 68.Ka3 Nb4 69.Rb6+ Kd5  0-1

[Event "XXX Open"]
[Site "Seville ESP"]
[Date "2005.01.14"]
[Round "8"]
[White "Estremera Panos,S"]
[Black "Durao,J"]
[Result "1-0"]
[WhiteElo "2377"]
[BlackElo "2127"]

1.d4 Nf6 2.c4 g6 3.Nc3 Bg7 4.e4 d6 5.Nf3 O-O 6.Be2 e5 7.O-O Nbd7 8.Be3 Ng4
9.Bg5 f6 10.Bd2 Nh6 11.Qc2 Nf7 12.Rab1 a5 13.a3 Re8 14.d5 Nf8 15.b4 f5 16.c5 axb4
17.axb4 h6 18.Bd3 f4 19.Nb5 Bg4 20.Ne1 f3 21.Nxf3 Bxf3 22.gxf3 Bf6 23.cxd6 Bg5
24.dxc7 Qd7 25.Rfc1 Bxd2 26.Qxd2 g5 27.Qe3 Qh3 28.Be2 Ra2 29.Rc3 Qd7 30.Bf1 Rc8
31.Rbc1  1-0

[Event "XXX Open"]
[Site "Seville ESP"]
[Date "2005.01.14"]
[Round "8"]
[White "Pogorelov,R"]
[Black "Garrido Dominguez,J"]
[Result "0-1"]
[WhiteElo "2439"]
[BlackElo "2303"]

1.Nf3 Nf6 2.c4 g6 3.Nc3 Bg7 4.e4 d6 5.d4 O-O 6.Be2 Na6 7.O-O e5 8.Be3 Ng4
9.Bg5 Qe8 10.c5 exd4 11.Nd5 dxc5 12.Bxa6 bxa6 13.Nxc7 Qxe4 14.Nxa8 Bb7 15.Rc1 Rc8
16.Re1 Qc6 17.b3 Bxa8 18.Be7 Qd5 19.Rxc5 Rxc5 20.Bxc5 Ne5 21.Bxa7 d3 22.Be3 Bc6
23.Bf4 Nxf3+ 24.Qxf3 Qa5 25.Qd1 Qd5 26.f3 g5 27.Be3 g4 28.Kf2 Qh5 29.Qc1 Bxf3
30.Qc8+ Bf8 31.Qb8 Bc6 32.Qf4 Qh4+ 33.Qg3 Qf6+ 34.Kg1 h5 35.Rf1 Qe6 36.Qf4 f6
37.Rf2 Kf7 38.Rd2 Be4 39.Qc7+ Kg6 40.Qc4 Kf7 41.Qxe6+ Kxe6 42.Kf2 h4 43.g3 h3
44.Ke1 Bb4 45.Kd1 Bf3+ 46.Ke1 Kd5 47.Kf1 Ke4  0-1

[Event "Extraliga CZE 2004-5"]
[Site "Czech Rep CZE"]
[Date "2005.01.15"]
[Round "5"]
[White "Jedynak,R"]
[Black "Dobrovolsky,L"]
[Result "1/2-1/2"]
[WhiteElo "2401"]
[BlackElo "2377"]

1.d4 Nf6 2.c4 d6 3.Nf3 Nbd7 4.Nc3 e5 5.e4 g6 6.Be2 Bg7 7.O-O O-O 8.d5 Nc5
9.Nd2 a5 10.Rb1 Bh6 11.Qc2 Nh5 12.Bxh5 gxh5 13.Nb3 Bxc1 14.Rbxc1 Nxb3 15.axb3 Qg5
16.f4 exf4 17.Qd2 Bd7 18.Rxf4 Rae8 19.Rcf1 Re5 20.Qf2 f5 21.Ne2 Rfe8 22.Ng3 h4
23.Nxf5 Bxf5 24.Rxf5 Rxf5 25.exf5 Qe3 26.h3 Kf7 27.Ra1 b6 28.Rd1 Qxf2+ 29.Kxf2 Re5
30.Rd4 Rxf5+ 31.Ke3 Re5+ 32.Kd3 Rg5 33.Rxh4 Kg6 34.Re4 Rg3+ 35.Re3 Rxg2 36.Re7 Rxb2
37.Kc3 Rh2 38.Rxc7 Rxh3+ 39.Kb2 Rh2+ 40.Kc3 Rh3+ 41.Kb2 Rh2+ 42.Kc3 Rh3+  1/2-1/2

[Event "Open"]
[Site "Prague CZE"]
[Date "2005.01.18"]
[Round "6"]
[White "Grete,M"]
[Black "Csala,J"]
[Result "1-0"]
[WhiteElo "2101"]
[BlackElo "2214"]

1.c4 Nf6 2.Nc3 g6 3.d4 Bg7 4.e4 d6 5.Be2 O-O 6.Nf3 e5 7.dxe5 dxe5 8.Qxd8 Rxd8
9.Bg5 c6 10.h3 Re8 11.O-O Nbd7 12.b4 Nf8 13.c5 Ne6 14.Be3 Nf4 15.Bc4 N6h5
16.Rfd1 Be6 17.Bf1 Bf6 18.Kh2 Ng7 19.g3 Nfh5 20.a4 Bc8 21.a5 a6 22.g4 Nf4
23.g5 Be7 24.Nxe5 Bxg5 25.Nc4 Nge6 26.Nd6 Rf8 27.Na4 Bd8 28.Nb6 Bxb6 29.axb6 Rb8
30.Bc4 Kg7 31.Rd2 h6 32.Rad1 Kf6 33.Bxe6 Nxe6 34.Bxh6 Rh8 35.Be3 Rh7 36.f4 g5
37.e5+ Ke7 38.f5 Nf4 39.Bxf4 gxf4 40.Nxc8+ Rxc8 41.Rd7+ Ke8 42.e6 f3 43.e7  1-0

[Event "Open"]
[Site "Prague CZE"]
[Date "2005.01.20"]
[Round "8"]
[White "Zakhartsov,V"]
[Black "Priborsky,I"]
[Result "1-0"]
[WhiteElo "2529"]
[BlackElo "2193"]

1.d4 Nf6 2.c4 g6 3.Nc3 Bg7 4.e4 d6 5.Nf3 O-O 6.Be2 e5 7.O-O Nbd7 8.Be3 c6
9.d5 c5 10.Ne1 Ne8 11.g4 f5 12.gxf5 gxf5 13.exf5 Ndf6 14.Qc2 Qe7 15.Kh1 e4
16.Rg1 Bxf5 17.Rg5 Bg6 18.Ng2 Nd7 19.Nh4 Ne5 20.Rag1 Nf6 21.Nxg6 Nxg6 22.h4 Qd7
23.R1g3 Bh6 24.Rxg6+ hxg6 25.Bxh6 Kh7 26.Bxf8  1-0

[Event "It"]
[Site "Chernigov UKR"]
[Date "2005.01.22"]
[Round "1"]
[White "Nosenko,A"]
[Black "Sushchev,A"]
[Result "1-0"]
[WhiteElo "2509"]
[BlackElo "2320"]

1.d4 Nf6 2.Nf3 g6 3.c4 Bg7 4.Nc3 O-O 5.e4 d6 6.Be2 e5 7.Be3 Ng4 8.Bg5 f6
9.Bh4 Nc6 10.d5 Ne7 11.Nd2 Nh6 12.f3 f5 13.O-O f4 14.Bf2 g5 15.c5 Nf7 16.cxd6 Nxd6
17.Qc2 h5 18.Nb5 Nxb5 19.Bxb5 Rf6 20.Rfd1 g4 21.Rac1 c6 22.Bc4 Kh8 23.Bb3 Rg6
24.Bh4 Qe8 25.Qc5 Ng8 26.Qb4 gxf3 27.Nxf3 a5 28.Qe1 Bh3 29.Rd2 a4 30.Bd1 a3
31.Ng5 Bg4 32.Bxg4 hxg4 33.Ne6 Qf7 34.bxa3 cxd5 35.exd5 f3 36.Rc7 Qf5 37.Rxg7 Rxg7
38.Nxg7 Kxg7 39.d6 Nf6 40.Bxf6+ Qxf6 41.Qe4 Rf8 42.Qxg4+  1-0

[Event "IMA2"]
[Site "Marianske Lazne CZE"]
[Date "2005.01.22"]
[Round "1"]
[White "Taggatz,M"]
[Black "Sergeeva,M"]
[Result "0-1"]
[WhiteElo "2225"]
[BlackElo "2312"]

1.Nf3 Nf6 2.c4 g6 3.Nc3 Bg7 4.e4 d6 5.d4 O-O 6.Be2 e5 7.d5 Nbd7 8.Be3 h6
9.Nd2 h5 10.b4 Kh7 11.Nf3 Bh6 12.Ng5+ Kg7 13.Qd2 Ng8 14.O-O Ndf6 15.h3 Nh7
16.Nxh7 Kxh7 17.f4 exf4 18.Bxf4 Qe7 19.Rae1 a5 20.Bxh6 Nxh6 21.bxa5 Rxa5
22.Nb5 Ra8 23.Bd3 c6 24.Nd4 c5 25.Nf3 f6 26.Nh4 Qe5 27.Nf3 Qe7 28.Nh4 Nf7
29.e5 f5 30.Nxf5 Bxf5 31.Bxf5 Nxe5 32.Be4 Qh4 33.Qe2 Kg7 34.Rb1 Rxf1+ 35.Rxf1 Re8
36.Bd3 Qd4+  0-1

[Event "It"]
[Site "Chernigov UKR"]
[Date "2005.01.24"]
[Round "3"]
[White "Fiodorov,M"]
[Black "Tihonov,J"]
[Result "0-1"]
[WhiteElo "2185"]
[BlackElo "2454"]

1.c4 Nf6 2.Nf3 g6 3.Nc3 Bg7 4.d4 O-O 5.e4 d6 6.Be2 e5 7.dxe5 dxe5 8.Qxd8 Rxd8
9.Bg5 Re8 10.Nd5 Nxd5 11.cxd5 c6 12.Bc4 cxd5 13.Bxd5 Nc6 14.Bxc6 bxc6 15.O-O-O Be6
16.b3 a5 17.Kb2 a4 18.Rd3 axb3 19.axb3 f5 20.Nd2 h6 21.Be3 Red8 22.Rxd8+ Rxd8
23.Kc2 Ra8 24.Rb1 Bf8 25.f3 Kg7 26.h3 Ra2+ 27.Rb2 Ra1 28.Rb1 Ra3 29.g4 f4
30.Bg1 Bb4 31.Rb2 g5 32.Bf2 Kf7 33.Bg1 Ra1 34.Bf2 Bxd2 35.Kxd2 Rh1 36.Rc2 Rxh3
37.Ke2 Bd7 38.b4 h5 39.Rd2 Be6 40.gxh5 Bc4+  0-1

[Event "Zimski Winter Open"]
[Site "Belgrade SCG"]
[Date "2005.01.26"]
[Round "4"]
[White "Stankovic,Br"]
[Black "Ivanovic,N"]
[Result "1-0"]
[WhiteElo "2274"]
[BlackElo "2205"]

1.d4 Nf6 2.c4 g6 3.Nc3 Bg7 4.e4 d6 5.Nf3 O-O 6.Be2 e5 7.O-O exd4 8.Nxd4 Re8
9.f3 c6 10.Be3 d5 11.cxd5 Nxd5 12.Nxd5 cxd5 13.Bb5 Bd7 14.Qb3 Qb6 15.Bxd7 Nxd7
16.Qxd5 Qxb2 17.Rab1 Nb6 18.Qa5 Nc4 19.Qa4 Qa3 20.Qxa3 Nxa3 21.Rxb7 f5 22.Rc1 fxe4
23.Rc3 exf3 24.Rxa3 Bxd4 25.Bxd4 Rad8 26.Rg7+ Kf8 27.Rxf3+  1-0

[Event "Zimski Winter Open"]
[Site "Belgrade SCG"]
[Date "2005.01.27"]
[Round "5"]
[White "Zivkovic,Drago"]
[Black "Starcevic,G"]
[Result "0-1"]
[WhiteElo "2068"]
[BlackElo "2184"]

1.d4 Nf6 2.c4 g6 3.Nc3 Bg7 4.e4 d6 5.Be2 O-O 6.Nf3 e5 7.d5 a5 8.Bg5 h6 9.Be3 Na6
10.Nd2 Bd7 11.a3 Nh7 12.O-O f5 13.exf5 gxf5 14.f3 Kh8 15.Rc1 Rg8 16.Kh1 h5
17.Rg1 h4 18.Qe1 Bf6 19.Nb5 Qe7 20.Bf2 Rg6 21.Bf1 c6 22.Nc3 c5 23.Qd1 Rag8
24.Qb3 Bc8 25.Qb6 Qg7 26.Re1 Bd8 27.Qb3 Ng5 28.Ne2 Qh6 29.f4 Nf7 30.fxe5 Qxd2
31.e6 Ne5 32.Rd1 Ng4  0-1

[Event "It"]
[Site "Chernigov UKR"]
[Date "2005.01.27"]
[Round "7"]
[White "Nosenko,A"]
[Black "Mazurok,A"]
[Result "1-0"]
[WhiteElo "2509"]
[BlackElo "2427"]

1.d4 Nf6 2.c4 g6 3.Nc3 Bg7 4.e4 d6 5.Be2 O-O 6.Be3 e5 7.Nf3 Nbd7 8.O-O Re8
9.d5 Nh5 10.g3 a5 11.a3 Nhf6 12.Nd2 Nc5 13.b4 axb4 14.axb4 Rxa1 15.Qxa1 Na6
16.Rb1 Ng4 17.Bxg4 Bxg4 18.c5 f5 19.f3 f4 20.Bf2 fxg3 21.hxg3 Bc8 22.Be3 Rf8
23.c6 Bf6 24.Nd1 Rf7 25.cxb7 Bxb7 26.b5 Nc5 27.Bxc5 dxc5 28.Qa7 Bc8 29.Qxc5 Bg5
30.Ne3 Qd6 31.Qa7 c5 32.Nec4 Be3+ 33.Kg2 Qf8 34.Qa5 Qh6 35.Rh1 Qg5 36.Nd6 Rd7
37.Nf1 Rxd6 38.Qc7 Qf6 39.Nxe3 Bd7 40.Nc4  1-0

[Event "Zimski Winter Open"]
[Site "Belgrade SCG"]
[Date "2005.01.28"]
[Round "6"]
[White "Dunjic,D"]
[Black "Ivanovic,N"]
[Result "0-1"]
[WhiteElo "2068"]
[BlackElo "2205"]

1.d4 Nf6 2.c4 g6 3.Nf3 Bg7 4.Nc3 O-O 5.e4 d6 6.Be2 e5 7.O-O exd4 8.Nxd4 Re8
9.Qd3 Na6 10.Bg5 Nc5 11.Qc2 h6 12.Bxf6 Bxf6 13.Rad1 a5 14.b3 c6 15.Rfe1 Qe7
16.Bf1 Bd7 17.Qd2 Rad8 18.h3 Qf8 19.Nde2 Bc8 20.f3 Qg7 21.Qe3 Be5 22.Rd2 f5
23.f4 Bxc3 24.Nxc3 Nxe4 25.Nxe4 Rxe4 26.Qb6 Qe7 27.Rde2 Kh7 28.Qxa5 d5 29.Qc3 Qd6
30.Rxe4 fxe4 31.Qe3 Bf5 32.g4 d4 33.Qc1 e3 34.gxf5 gxf5 35.Re2 d3 36.Rg2 Qxf4
37.Kh1 d2 38.Qd1 Qxf1+ 39.Qxf1 d1=Q 40.Kg1 Qxf1+ 41.Kxf1 Rd1+ 42.Ke2 Rd2+
43.Kf3 Rxg2 44.Kxg2 Kg6 45.b4 Kf6 46.Kf3 f4 47.a4 Ke6 48.a5 Kd6 49.h4 Ke5
50.b5 cxb5 51.cxb5 Kd5  0-1

[Event "ch-Kiev"]
[Site "Kiev UKR"]
[Date "2005.01.28"]
[Round "9"]
[White "Shishkin,Va UKR"]
[Black "Pavlov,S2"]
[Result "0-1"]
[WhiteElo "2488"]
[BlackElo "2368"]

1.d4 Nf6 2.c4 g6 3.Nc3 Bg7 4.e4 d6 5.Be2 O-O 6.Nf3 e5 7.Be3 Ng4 8.Bg5 f6
9.Bh4 g5 10.Bg3 Nh6 11.dxe5 dxe5 12.h4 g4 13.Qxd8 Rxd8 14.Nd2 Na6 15.O-O-O Be6
16.a3 Nc5 17.Kc2 Nf5 18.Rhe1 Nd4+ 19.Kb1 Nxe2 20.Rxe2 c6 21.f4 f5 22.fxe5 Bh6
23.Kc2 f4 24.Bh2 Nd3 25.Rf1 g3 26.Bg1 Nxe5 27.b3 Bg4 28.Nf3 Bxf3 29.gxf3 Rd3
30.Nb1 Bf8 31.c5 Rad8 32.Rd2 Rxd2+ 33.Nxd2 h5 34.Nc4 Nxc4 35.bxc4 Be7 36.Rb1 Bxh4
37.Rxb7 Bf6 38.Rc7 h4 39.Rxc6 Kg7 40.e5 Bxe5 41.Re6 Bf6 42.Re4 h3 43.Rxf4 h2  0-1

[Event "13th Fajr Open"]
[Site "Tehran IRI"]
[Date "2005.01.29"]
[Round "4"]
[White "Gleizerov,E"]
[Black "Moradiabadi,E"]
[Result "1/2-1/2"]
[WhiteElo "2550"]
[BlackElo "2439"]

1.d4 Nf6 2.c4 g6 3.Nc3 Bg7 4.e4 d6 5.Nf3 O-O 6.Be2 e5 7.O-O Na6 8.Be3 Ng4
9.Bg5 Qe8 10.dxe5 dxe5 11.Qc1 c6 12.Re1 Nf6 13.Bh6 Bg4 14.Bxg7 Kxg7 15.Nd2  1/2-1/2

[Event "Oceania zt"]
[Site "Auckland NZL"]
[Date "2005.01.30"]
[Round "1"]
[White "Green,Pet"]
[Black "Donaldson,B"]
[Result "1-0"]
[WhiteElo "2258"]
[BlackElo "2002"]

1.d4 Nf6 2.Nf3 g6 3.c4 Bg7 4.Nc3 O-O 5.e4 d6 6.Be2 e5 7.O-O exd4 8.Nxd4 Re8
9.f3 Nc6 10.Be3 Nh5 11.Qd2 f5 12.Nxc6 bxc6 13.Bg5 Nf6 14.c5 Qd7 15.Rad1 Rb8
16.cxd6 fxe4 17.b3 e3 18.dxc7 Qxc7 19.Bc4+ Be6 20.Bxe6+ Rxe6 21.Bxe3 Rbe8
22.Bf2 Qa5 23.Rfe1 Rxe1+ 24.Rxe1 Rd8 25.Qe3 Re8 26.Qc1 Rd8 27.a3 Nd5 28.b4 Qa6
29.Nxd5 cxd5 30.Qc7 Qd6 31.Re8+ Bf8 32.Qxd8  1-0

[Event "TCh-BEL3 2004-5"]
[Site "Belgium BEL"]
[Date "2005.01.30"]
[Round "8"]
[White "Denayer,E"]
[Black "Bojkov,D"]
[Result "0-1"]
[WhiteElo "2189"]
[BlackElo "2505"]

1.d4 Nf6 2.c4 g6 3.Nc3 Bg7 4.e4 d6 5.Be2 O-O 6.Nf3 Na6 7.O-O e5 8.d5 Nc5
9.Qc2 a5 10.Bg5 h6 11.Be3 b6 12.Nd2 Ng4 13.Bxg4 Bxg4 14.a3 Na6 15.Rab1 Bd7
16.b4 axb4 17.axb4 f5 18.exf5 gxf5 19.f4 Qf6 20.Ne2 Rae8 21.Nf3 Kh8 22.Qd2 Rg8
23.Ra1 Bc8 24.Ra2 Qg6 25.g3 Qh5 26.c5 e4 27.Nfd4 bxc5 28.bxc5 Nxc5 29.Ra7 Re7
30.Nc6 Rf7 31.Nc3 Ba6 32.Rb1 Bd3 33.Rb4 Bf6 34.Nb5 Rfg7 35.Qf2 Qd1+ 36.Kg2 Be2
37.Ncd4 Bf3+ 38.Nxf3 Nd3 39.Qf1 exf3+ 40.Kg1 Rxg3+  0-1

[Event "10th HIT Open A"]
[Site "Nova Gorica SLO"]
[Date "2005.01.30"]
[Round "5"]
[White "Markus,R"]
[Black "Paschall,W"]
[Result "1-0"]
[WhiteElo "2584"]
[BlackElo "2403"]

1.d4 Nf6 2.c4 d6 3.Nf3 g6 4.Nc3 Bg7 5.e4 O-O 6.Be2 e5 7.Be3 Ng4 8.Bg5 f6
9.Bh4 Nc6 10.d5 Ne7 11.Nd2 Nh6 12.f3 g5 13.Bf2 f5 14.h3 Ng6 15.g4 fxe4 16.Ndxe4 b6
17.Qd2 Nf7 18.O-O-O Bd7 19.Rdf1 h6 20.Bd3 Nfh8 21.Ng3 Rxf3 22.Qc2 Be8 23.Be4 Rf8
24.Nf5 Nf4 25.h4 Bg6 26.hxg5 hxg5 27.Be3 Qf6 28.Rh2 Nf7 29.Ne7+ Qxe7 30.Bxg6 Qf6
31.Bh7+ Kh8 32.Bg8+  1-0

[Event "Zimski Winter Open"]
[Site "Belgrade SCG"]
[Date "2005.02.01"]
[Round "9"]
[White "Vasiljevic,D"]
[Black "Starcevic,G"]
[Result "1-0"]
[WhiteElo "2308"]
[BlackElo "2184"]

1.d4 Nf6 2.Nf3 g6 3.c4 Bg7 4.Nc3 d6 5.e4 O-O 6.Be2 e5 7.d5 a5 8.Bg5 h6 9.Bh4 Na6
10.Nd2 Qe8 11.O-O Nh7 12.a3 Bd7 13.Nb5 h5 14.f3 f5 15.exf5 gxf5 16.Kh1 Bh6
17.f4 Nf6 18.Bxf6 Rxf6 19.Bxh5 Qe7 20.Qe2 e4 21.Rae1 Bg7 22.g4 Rh6 23.gxf5 c6
24.Nc3 Bxc3 25.bxc3 Nc5 26.Bg6 Rf8 27.Nxe4 Qh4 28.Nxc5 dxc5 29.Rg1  1-0

[Event "2nd GM"]
[Site "Kish IRI"]
[Date "2005.02.03"]
[Round "2"]
[White "Gleizerov,E"]
[Black "Moradiabadi,E"]
[Result "1/2-1/2"]
[WhiteElo "2550"]
[BlackElo "2439"]

1.d4 Nf6 2.c4 g6 3.Nc3 Bg7 4.e4 d6 5.Nf3 O-O 6.Be2 e5 7.O-O Na6 8.Be3 Ng4
9.Bg5 Qe8 10.dxe5 dxe5 11.h3 f6 12.Bd2 Nh6 13.c5 Nxc5 14.Qc1 Nf7 15.Nd5 Ne6
16.Nxc7 Nxc7 17.Qxc7 Nd8 18.Rfc1 Be6 19.Be3 Rf7 20.Qc3 Bf8 21.b4 a6 22.a4 Nc6
23.b5 Nb4 24.Bc4 Rd7 25.Rab1 a5 26.Qb3 Bxc4 27.Qxc4+ Qf7 28.Nd2 Nd3 29.Rc2 Nb4
30.Qxf7+ Kxf7 31.Rc4 Nd3 32.Nb3 Bb4 33.Bb6 Nf4 34.Rb2 Ne6 35.Kh2 Rd6 36.Bc5 Nxc5
37.Nxc5 Rd4 38.Rxd4 exd4 39.Nd3 Bd6+ 40.g3 Rc8 41.Rd2 Ba3 42.Kg2 Rc4  1/2-1/2

[Event "10th HIT Open A"]
[Site "Nova Gorica SLO"]
[Date "2005.02.03"]
[Round "9"]
[White "Jelen,Ig"]
[Black "Srebrnic,M"]
[Result "1/2-1/2"]
[WhiteElo "2346"]
[BlackElo "2249"]

1.d4 Nf6 2.c4 g6 3.Nc3 Bg7 4.e4 d6 5.Nf3 O-O 6.Be2 e5 7.O-O Na6 8.Be3 c6
9.dxe5 dxe5 10.Qxd8 Rxd8 11.Rfd1 Re8 12.h3 Bf8 13.Nd2 Nc5 14.b4 Ne6 15.c5 Nd4
16.Bd3 Be6 17.Ne2 Nxe2+ 18.Bxe2 a5 19.a3 axb4 20.axb4 Ba2 21.Bg5 Kg7 22.f3 Ra4
23.Bc4 Rea8 24.Bxa2 Rxa2 25.Rxa2 Rxa2 26.Be3 Ra4 27.Rb1 Nd7 28.Nc4 Kf6 29.Kh2 Ke6
30.Bd2 Ra7 31.Bc3 Be7 32.Rd1 f6 33.Kg3  1/2-1/2

[Event "XII TCh-RUS 1st League"]
[Site "Smolensk RUS"]
[Date "2005.02.04"]
[Round "2"]
[White "Smirnov,Ar"]
[Black "Newerovski,G"]
[Result "1-0"]
[WhiteElo "2409"]
[BlackElo "2321"]

1.d4 d6 2.Nf3 Nf6 3.c4 g6 4.Nc3 Bg7 5.e4 O-O 6.Be2 e5 7.Be3 c6 8.O-O exd4
9.Bxd4 Nbd7 10.Qc2 Qe7 11.Rae1 Re8 12.Nd2 g5 13.Nb3 b6 14.Be3 h6 15.Nd4 Ne5
16.Qd2 Be6 17.f4 gxf4 18.Bxf4 Kh7 19.Nf5 Bxf5 20.exf5 Rad8 21.Bd3 a6 22.Re3 b5
23.cxb5 axb5 24.Rh3 Qf8 25.Ne4 Neg4 26.Ng3 d5 27.Nh5 Ne4 28.f6 Bh8 29.Qc2 Re6
30.Ng3 Qb4 31.Nf5 Rxf6 32.a3 Qa4 33.Qe2 Qa7+ 34.Ne3 Rg6 35.Kh1  1-0

[Event "XII TCh-RUS 1st League"]
[Site "Smolensk RUS"]
[Date "2005.02.04"]
[Round "3"]
[White "Zarubin,P"]
[Black "Pimonenko,B"]
[Result "1-0"]
[WhiteElo "2438"]
[BlackElo "2339"]

1.d4 Nf6 2.c4 g6 3.Nc3 Bg7 4.e4 O-O 5.Nf3 d6 6.Be2 e5 7.Be3 Ng4 8.Bg5 f6
9.Bh4 Nc6 10.d5 Ne7 11.Nd2 f5 12.Bxg4 fxg4 13.Bg5 h6 14.Be3 g5 15.c5 Rf6
16.Nc4 Ng6 17.cxd6 cxd6 18.g3 Bd7 19.a4 Rc8 20.b3 Bf8 21.a5 Ra8 22.Qc1 Rf7
23.Qa3 Qf6 24.O-O-O Be8 25.Kb1 Rc7 26.Rc1 Nh8 27.Nd2 Nf7 28.Qb4 Qe7 29.Nb5 Bxb5
30.Qxb5 a6 31.Qe2 Rxc1+ 32.Rxc1 Qd7 33.Qc4 Be7 34.Qc7 Rd8 35.Bb6 Kf8 36.Nf1 Qb5
37.Qc4 Qxc4 38.Rxc4 Rd7 39.Ne3 Bd8 40.Nxg4 h5 41.Ne3 Bxb6 42.axb6 Nh6 43.Rc8+  1-0

[Event "ch-FRA Top 16 GpB"]
[Site "Vandoeuvre FRA"]
[Date "2005.02.05"]
[Round "2"]
[White "Brunner,N"]
[Black "Kazhgaleyev,M"]
[Result "0-1"]
[WhiteElo "2288"]
[BlackElo "2613"]

1.d4 Nf6 2.c4 g6 3.Nc3 Bg7 4.e4 d6 5.Nf3 O-O 6.Be2 e5 7.dxe5 dxe5 8.Qxd8 Rxd8
9.Bg5 Nbd7 10.Nd5 c6 11.Ne7+ Kf8 12.Nxc8 Rdxc8 13.Nd2 Nc5 14.f3 Ne6 15.Be3 Nd7
16.O-O-O Ke8 17.g3 Bf8 18.Nb3 a5 19.f4 a4 20.Nd2 exf4 21.gxf4 Bc5 22.Bxc5 Ndxc5
23.Rhf1 Rd8 24.f5 Nd4 25.Bg4 a3 26.b3 h5 27.Bh3 Nd3+ 28.Kb1 Ne2 29.fxg6 fxg6
30.Rf6 Nc3+ 31.Kc2 Nxd1 32.Kxd1 Ke7 33.e5 Ra5  0-1

[Event "XII TCh-RUS 1st League"]
[Site "Smolensk RUS"]
[Date "2005.02.09"]
[Round "8"]
[White "Antipin,A"]
[Black "Nikolaev,Niki"]
[Result "1/2-1/2"]
[WhiteElo "2208"]
[BlackElo "2339"]

1.d4 Nf6 2.c4 g6 3.Nc3 Bg7 4.e4 d6 5.Nf3 O-O 6.Be2 Na6 7.O-O e5 8.Re1 Qe8
9.d5 Nc5 10.Nd2 a5 11.b3 Bh6 12.Bf1 Nh5 13.Ba3 b6 14.Nb5 Qe7 15.b4 axb4 16.Bxb4 f5
17.Bxc5 bxc5 18.a4 Rf7 19.exf5 Bxf5 20.a5 Bc8 21.Ra3 Bxd2 22.Qxd2 Ba6 23.g3 Raf8
24.Bh3 Ng7 25.f4 Nf5 26.fxe5 dxe5 27.Qe2 Bxb5 28.cxb5 c4 29.Bxf5 Rxf5 30.d6 Qxd6
31.Qxc4+ Kh8 32.Rd3 Qf6 33.Rdd1 Rf2 34.Qxc7 Rg2+ 35.Kxg2  1/2-1/2

[Event "XI Open"]
[Site "Coria del Rio BRA"]
[Date "2005.02.11"]
[Round "2"]
[White "De Bordons Alba,C"]
[Black "Komljenovic,D"]
[Result "0-1"]
[WhiteElo "1946"]
[BlackElo "2492"]

1.d4 Nf6 2.c4 g6 3.Nc3 Bg7 4.e4 d6 5.Nf3 O-O 6.Be2 e5 7.dxe5 dxe5 8.Qxd8 Rxd8
9.Bg5 Na6 10.Nd5 Rd6 11.Nxf6+ Bxf6 12.Bxf6 Rxf6 13.h3 Re6 14.Rd1 Re8 15.O-O f6
16.a3 Nc5 17.Nd2 Na4 18.Rb1 Rd8 19.Rfd1 Be6 20.Nf1 Rxd1 21.Bxd1 Nc5 22.f3 a5
23.Ne3 c6 24.Bc2 a4 25.Rd1 Kf7 26.Kf1 Ke7 27.Ke2 h5 28.Rd2 h4 29.Rd1 Bf7
30.Rd2 Ne6 31.Rd1 Nd4+ 32.Kd2 Be6 33.Kc3 b6 34.Rd2 f5 35.exf5 gxf5 36.f4 Nxc2
37.Nxc2 e4 38.Ne3 c5 39.Kc2 Rb8 40.Kc3 b5 41.cxb5 Rxb5 42.Kc2 Rb3 43.Re2 Rd3
44.Kc1 Kf6 45.Re1 Bb3 46.Re2 c4 47.Re1 c3 48.bxc3 Ke6 49.Nd1 Bxd1 50.Rxd1 Rxc3+
51.Kb2 Rb3+ 52.Ka2 Rg3 53.Rd2 e3 54.Re2 Kd5 55.Kb2 Kd4 56.Kc2 Rg8 57.Re1 Rxg2+  0-1

[Event "XI Open"]
[Site "Coria del Rio BRA"]
[Date "2005.02.12"]
[Round "3"]
[White "Komljenovic,D"]
[Black "Pereira Figueroa,M"]
[Result "1-0"]
[WhiteElo "2492"]
[BlackElo "2097"]

1.d4 Nf6 2.c4 g6 3.Nc3 d6 4.e4 Bg7 5.Be2 O-O 6.Nf3 e5 7.d5 a5 8.Bg5 h6 9.Bh4 Na6
10.Nd2 Qe8 11.a3 Bd7 12.b3 Nh7 13.O-O h5 14.f3 Bh6 15.Kh1 Qb8 16.Rb1 Be3
17.b4 Qa7 18.Nb5 Qb8 19.c5 Qe8 20.Nc4 Bg5 21.Bxg5 Nxg5 22.Nxc7 Nxc7 23.Nxd6 Qb8
24.b5 b6 25.c6 Bc8 26.Qd2 Nh7 27.Nc4 Rd8 28.Qe3  1-0